Bright future (Record no. 52155)
[ view plain ]
| 000 -LEADER | |
|---|---|
| fixed length control field | 00288nam a2200121Ia 4500 |
| 100 ## - MAIN ENTRY--AUTHOR NAME | |
| Personal name | Naryanan |
| 245 #0 - TITLE STATEMENT | |
| Title | Bright future |
| 260 ## - PUBLICATION, DISTRIBUTION, ETC. (IMPRINT) | |
| Name of publisher | Planters' Chronicle |
| Year of publication | 1995 |
| 300 ## - PHYSICAL DESCRIPTION | |
| Number of Pages | 203-207 |
| 650 ## - SUBJECT ADDED ENTRY--TOPICAL TERM | |
| Topical Term | Rubber production |
| 942 ## - ADDED ENTRY ELEMENTS (KOHA) | |
| Koha item type | Bibliography STAF |
| 100 ## - MAIN ENTRY--AUTHOR NAME | |
| -- | P.K. |
| Withdrawn status | Lost status | Damaged status | Not for loan | Home library | Current library | Date acquired | Serial Enumeration / chronology | Koha item type |
|---|---|---|---|---|---|---|---|---|
| Bibliography | RRII Library | RRII Library | 09/04/2014 | Volume 90, Issue 5 | Bibliography STAF |